| 000 | 01159cam0a220026500 4500 | ||
|---|---|---|---|
| 001 | lce00575366 | ||
| 008 | 850222s1965 nyua b 000 0 eng | ||
| 010 | _a 65014258 //r85 | ||
| 035 | _a(Sirsi) r95485 | ||
| 035 | _a(DLC) 65014258 //r85 | ||
| 035 | _a(UPRA)lce00575366 | ||
| 041 | 1 |
_aeng ger _heng ger |
|
| 050 | 0 |
_aQH548 _b.B743 |
|
| 082 | 0 | _a574.55 | |
| 100 | 1 |
_aBuchner, Paul, 1886- _dBuchner, Paul, 1886- _6A54111.1 |
|
| 240 | 1 | 0 |
_aEndosymbiose der Tiere mit pflanzlichen Mikroorganismen. English _lEndosymbiose der Tiere mit pflanzlichen Mikroorganismen. English |
| 245 | 1 | 0 | _aEndosymbiosis of animals with plant microorganisms. |
| 250 |
_aRev. Eng. ed. [Translated by Bertha Mueller, with the collaboration of Francis H. Fockier]. _bRev. Eng. ed. [Translated by Bertha Mueller, with the collaboration of Francis H. Fockier]. |
||
| 260 |
_aNew York, _bInterscience Publishers _c[1965] |
||
| 500 | _aOrig. published as Endosymbiosis der Tiere mit pflanzlichen Mikroorganismen, 1953. | ||
| 504 | _a"References": p. 839-889. | ||
| 650 | 0 |
_aEndosymbiosis. _6S42105.1 |
|
| 949 |
_aQH548 _wlcc _i-134887 _mMAIN _tBOOK _lON-SHELF |
||
| 004 | 95485 | ||
| 999 |
_c135146 _d135146 |
||